000 00443nam a2200133Ia 4500
008 100328s9999 xx 000 0 und d
082 _b41963
100 _aखाडीलकर उषा
245 _aसर्वांसाठी इंग्रजी
260 _bमनोरमा
630 _aसर्वांसाठी इंग्रजी
730 _aसर्वांसाठी इंग्रजी
942 _cBOOK
999 _c530483
_d530480